Die Geschichte der Zivilisation (Record no. 10015)

MARC details
000 -CABECERA
campo de control de longitud fija 00929nam a2200241 a 4500
001 - NÚMERO DE CONTROL
campo de control BRL_1203
005 - FECHA Y HORA DE LA ÚLTIMA TRANSACCIÓN
campo de control 20190320211100.0
008 - DATOS DE LONGITUD FIJA--INFORMACIÓN GENERAL
campo de control de longitud fija 281113s194u----sw-ab#####---#000-0#ger-#
041 ## - CÓDIGO DE LENGUA
Código de lengua del texto/banda sonora o título independiente ger
044 ## - CÓDIGO DEL PAÍS DE LA ENTIDAD EDITORA/PRODUCTORA
Código MARC del país sw
050 #4 - SIGNATURA TOPOGRÁFICA DE LA BIBLIOTECA DEL CONGRESO
Número de clasificación CB53
Número de documento/Ítem .D87 1940
100 1# - ENTRADA PRINCIPAL--NOMBRE DE PERSONA
Nombre de persona Durant, Will
Fechas asociadas al nombre 1885-1981
9 (RLIN) 26105
245 10 - MENCIÓN DE TÍTULO
Título Die Geschichte der Zivilisation
Mención de responsabilidad, etc. von Will Durant.
260 ## - PUBLICACIÓN, DISTRIBUCIÓN, ETC.
Lugar de publicación, distribución, etc. Bern
Nombre del editor, distribuidor, etc. A. Francke Ag.
Fecha de publicación, distribución, etc. [194-]
300 ## - DESCRIPCIÓN FÍSICA
Extensión 1098 p.
Otras características físicas il., mapas
Dimensiones 24 cm.
500 ## - NOTA GENERAL
Nota general Au1400
500 ## - NOTA GENERAL
Nota general Traducción de: The story of civilization : I. Our Oriental Heritage
500 ## - NOTA GENERAL
Nota general La bibloteca cuenta solo con el v.1
505 0# - NOTA DE CONTENIDO CON FORMATO
Nota de contenido con formato Contenido: v.1 Das vermächtnis des Ostens : Ägypten und der Vordere Orient bis zum Tode Alexanders Indien, China und Japan von den Anfängen bis in die Gegenwart ; Mit einer Einleitung über Charakter und Ursprung der Zivilisation
650 14 - PUNTO DE ACCESO ADICIONAL DE MATERIA--TÉRMINO DE MATERIA
Término de materia o nombre geográfico como elemento de entrada Civilización
Subdivisión general Historia
9 (RLIN) 9808
902 ## - CATALOGADOR
Iniciales GRL
942 ## - ELEMENTOS DE PUNTO DE ACCESO ADICIONAL (KOHA)
Fuente del sistema de clasificación o colocación Library of Congress Classification
Tipo de ítem Koha Libros
Holdings
Estado de retiro Estado de pérdida Estado dañado No para préstamo Localización permanente Ubicación/localización actual Fecha de adquisición Número de inventario Total de préstamos Signatura topográfica completa Código de barras Fecha visto por última vez Precio válido a partir de Tipo de ítem Koha
El ejemplar forma parte de la colección y puede ser consultado según las políticas vigentes.       Biblioteca Centro de Estudios Ruth D. Lechuga Biblioteca Centro de Estudios Ruth D. Lechuga 28/11/2013 Au1400   CB53 .D87 1940 (Au1400) GRL01320 22/03/2019 22/03/2019 Libros